000 00220 a2200109 4500
020 _a9786073175647
041 _aspa
100 _aDewdney, Anna
245 _aLLama LLama aprende a nadar
942 _cBK
952 _74
_xok
999 _c25990
_d25990